00957pam a2200277 a 45000010005000000030006000050050017000110080041000280100017000690200017000860200018001030400023001210420009001440430012001530500021001650820016001861000024002022450086002262600036003123000048003485040041003965200145004376500043005826500022006257000032006473342FISKH20240228154901.0871124s1989 nyua j b 001 0 eng  a 87032332  a0590413384 : a9780590413398 aDLCcDLCdDLCbeng alcac ae-gr---00aBL782b.O86 198900a292/.132191 aOsborne, Mary Pope.10aFavorite Greek myths /cretold by Mary Pope Osborne ; illustrated by Troy Howell. aNew York :bScholastic, c1989. a81 pages : bcolor illustrations ; c28 cm  aIncludes bibliographical references. aRetells twelve tales from Greek mythology, including the stories of King Midas, Echo and Narcissus, the Golden Apples, and Cupid and Psyche. 0aMythology, GreekxJuvenile literature. 1aMythology, Greek.1 aHowell, Troy,eillustrator